Female participation in African Universities: issues of concern and possible action. (Record no. 43212)

MARC details
000 -LEADER
fixed length control field 00910nam a2200193 a 4500
008 - FIXED-LENGTH DATA ELEMENTS--GENERAL INFORMATION
fixed length control field 100623s2001 ||||||||||||||||| || u
050 ## - LIBRARY OF CONGRESS CALL NUMBER
Classification number FAWE(02)
100 ## - MAIN ENTRY--PERSONAL NAME
Personal name Masanja, Verdiana [et al]
245 10 - TITLE STATEMENT
Title Female participation in African Universities: issues of concern and possible action.
Statement of responsibility, etc. by Verdiana Masanja [et al.]
260 ## - PUBLICATION, DISTRIBUTION, ETC.
Place of publication, distribution, etc. Nairobi:
Name of publisher, distributor, etc. Forum for African Women Educationalists (FAWE)
Date of publication, distribution, etc. 2001
300 ## - PHYSICAL DESCRIPTION
Extent 28p.: ill.
350 ## - PRICE (NR) (BK AM CF MU VM SE) [OBSOLETE]
Price 0.00
490 ## - SERIES STATEMENT
Series statement Forum for African Women Educationalists (FAWE)
500 ## - GENERAL NOTE
General note Paper presented by FAWE at the 10th General Assembly of the AAU on 5-9 February 2001 at Safari Park Hotel, Nairobi.
650 ## - SUBJECT ADDED ENTRY--TOPICAL TERM
Topical term or geographic name entry element GENDER
650 ## - SUBJECT ADDED ENTRY--TOPICAL TERM
Topical term or geographic name entry element GENDER--equity
710 ## - ADDED ENTRY--CORPORATE NAME
Corporate name or jurisdiction name as entry element Forum for African Women Educationalists (FAWE)
995 ## - RECOMMENDATION 995 [LOCAL, UNIMARC FRANCE]
-- 0.00
-- CBU-MAIN LIBRARY (Kitwe)
-- 1
-- 0.00
-- 1
-- AVAILABLE
-- Jun 23, 2010
-- University Collection
Holdings
Withdrawn status Lost status Source of classification or shelving scheme Damaged status Not for loan Home library Current library Shelving location Date acquired Total Checkouts Full call number Barcode Date last seen Price effective from Koha item type
          CBU-MAIN LIBRARY, KITWE. CBU-MAIN LIBRARY, KITWE.   11/30/2022   FAWE(02) 03006632 11/30/2022 11/30/2022 MONOGRAPH